[Event "Christmas Cracker!"]
[Site "SchemingMind.com"]
[Date "2014.12.23"]
[Round "-"]
[White "Clive Everill"]
[Black "xarxziux"]
[Result "0-1"]
[WhiteCountry "CZE"]
[BlackCountry "IRL"]
[WhiteElo "1676"]
[WhiteRD "55"]
[BlackElo "1911"]
[BlackRD "75"]
[GameID "371779"]

1. e4 d6 2. d4 Nf6 3. f3 e5 4. d5 Be7 5. Be3 O-O 6. c4 Nbd7 7. Ne2 Ne8 8. Ng3 Bg5 9. Bf2 g6 10. Bd3 Ng7
11. O-O f5 12. exf5 gxf5 13. Nc3 e4 14. fxe4 f4 15. Nf5 Nxf5 16. exf5 Ne5 17. Bd4 Nxd3 18. Qxd3 Bxf5 19. Qf3 Qd7 20. h3 a6
21. Rae1 Rae8 22. Ne2 Re4 23. Qc3 Rfe8 24. Nc1 Rxe1 25. Rxe1 Rxe1+ 26. Qxe1 Qe7 27. Qf2 f3 28. Nb3 Qe2 29. Qxe2 fxe2 30. Bf2 Be3
0-1

[Event "Christmas Cracker!"]
[Site "SchemingMind.com"]
[Date "2014.12.26"]
[Round "-"]
[White "roscoe"]
[Black "Clive Everill"]
[Result "0-1"]
[WhiteCountry "USA"]
[BlackCountry "CZE"]
[WhiteElo "1276"]
[WhiteRD "88"]
[BlackElo "1676"]
[BlackRD "55"]
[GameID "371847"]

1. Nf3 d5 2. d4 c5 3. h3 e6 4. e3 Nf6 5. Bb5+ Bd7 6. Bxd7+ Nbxd7 7. O-O Ne4 8. Ne5 Nxe5 9. dxe5 Qc7 10. f4 Be7
11. c3 O-O 12. Rf3 f5 13. Nd2 b5 14. Nxe4 fxe4 15. Rg3 a5 16. Qg4 Bd8 17. Qxe6+ Kh8 18. Qxd5 Bh4 19. Rg4 Rad8 20. Qxe4 Rd1+
21. Kh2 Be7 22. f5 Bf6 23. Qf4 Bxe5
0-1

[Event "Christmas Cracker!"]
[Site "SchemingMind.com"]
[Date "2014.12.26"]
[Round "-"]
[White "Clive Everill"]
[Black "roscoe"]
[Result "0-1"]
[WhiteCountry "CZE"]
[BlackCountry "USA"]
[WhiteElo "1688"]
[WhiteRD "52"]
[BlackElo "1297"]
[BlackRD "91"]
[GameID "371848"]

1. e4 e5 2. f4 d6 3. Nf3 Nf6 4. Nc3 Nc6 5. Bb5 a6 6. Bxc6+ bxc6 7. fxe5 dxe5 8. Nxe5 Bc5 9. Nxc6 Qd7 10. Ne5 Qd4
11. Nc6 Qf2#
0-1

[Event "Christmas Cracker!"]
[Site "SchemingMind.com"]
[Date "2014.12.27"]
[Round "-"]
[White "roscoe"]
[Black "xarxziux"]
[Result "0-1"]
[WhiteCountry "USA"]
[BlackCountry "IRL"]
[WhiteElo "1297"]
[WhiteRD "91"]
[BlackElo "1907"]
[BlackRD "71"]
[GameID "371849"]

1. Nf3 Nf6 2. d4 e6 3. g3 d5 4. Nc3 c5 5. dxc5 Bxc5 6. e3 O-O 7. Na4 Be7 8. Bg2 b5 9. Nc3 b4 10. Na4 Ba6
11. Nd2 Qd7 12. b3 Nc6 13. Bf1 Bxf1 14. Nxf1 Rac8 15. Nd2 d4 16. exd4 Nxd4 17. O-O Nxc2 18. Rb1 Rfd8
0-1

[Event "Christmas Cracker!"]
[Site "SchemingMind.com"]
[Date "2014.12.26"]
[Round "-"]
[White "xarxziux"]
[Black "roscoe"]
[Result "1-0"]
[WhiteCountry "IRL"]
[BlackCountry "USA"]
[WhiteElo "1911"]
[WhiteRD "75"]
[BlackElo "1276"]
[BlackRD "88"]
[GameID "371850"]

1. Nf3 Nf6 2. d4 d5 3. c4 h6 4. Nc3 Nc6 5. cxd5 Nxd5 6. e4 Nxc3 7. bxc3 e6 8. Bc4 Na5 9. Bd3 a6 10. O-O c5
11. Ba3 b6 12. Ne5 Be7 13. Qh5 O-O 14. Rac1 cxd4 15. Bxe7 Qxe7 16. cxd4 Qg5 17. Qe2 Rd8 18. f4 Qe7 19. d5 exd5 20. exd5 Nb7
21. Qf3 Nd6 22. Nc6 Qf6 23. Nxd8 Qxd8 24. Kh1 Bb7 25. Bb1 Ne8 26. Qd3 Nf6 27. d6 Qd7 28. Rc7 Be4 29. Qxe4
1-0

[Event "Christmas Cracker!"]
[Site "SchemingMind.com"]
[Date "2014.12.27"]
[Round "-"]
[White "roscoe"]
[Black "kenneth m day"]
[Result "0-1"]
[WhiteCountry "USA"]
[BlackCountry "USA"]
[WhiteElo "1276"]
[WhiteRD "88"]
[BlackElo "1698"]
[BlackRD "51"]
[GameID "371900"]

1. Nf3 Nf6 2. d4 d5 3. g3 Bg4 4. Bg2 e6 5. O-O Bd6 6. b3 O-O 7. Nbd2 Nc6 8. Bb2 Re8 9. Re1 Rc8 10. e4 dxe4
11. Nxe4 Nxe4 12. Rxe4 Bh5 13. c4 Bg6 14. Re1 Bh5 15. d5 exd5 16. cxd5 Ne7 17. Qd4 f6 18. a4 c5 19. Qh4 Bg6 20. Bh3 Rc7
21. Be6+ Kh8 22. Rac1 Bf5 23. Bxf5 Nxf5 24. Rxe8+ Qxe8 25. Re1 Qf7 26. Re6 Nxh4
0-1

[Event "Christmas Cracker!"]
[Site "SchemingMind.com"]
[Date "2014.12.27"]
[Round "-"]
[White "kenneth m day"]
[Black "roscoe"]
[Result "1-0"]
[WhiteCountry "USA"]
[BlackCountry "USA"]
[WhiteElo "1730"]
[WhiteRD "50"]
[BlackElo "1281"]
[BlackRD "90"]
[GameID "371901"]

1. e4 d6 2. d4 Nf6 3. Nc3 g6 4. Nf3 a6 5. Be3 Bg7 6. Qd2 O-O 7. Bd3 c5 8. O-O-O Ng4 9. Bg5 b5 10. h3 Nf6
11. g4 c4 12. Be2 Nbd7 13. Rdg1 Bb7 14. e5 dxe5 15. dxe5 Ne4 16. Nxe4 Bxe4 17. Rd1 Nxe5 18. Qe3 Qc7 19. Qxe4 f6 20. Bf4 Qc6
21. Qe3 a5 22. Nd4 Qb6 23. Qe4 a4 24. Bf1 Rac8 25. Be3 c3 26. Nxb5 Rfd8 27. Bxb6
1-0

[Event "Christmas Cracker!"]
[Site "SchemingMind.com"]
[Date "2014.12.29"]
[Round "-"]
[White "Clive Everill"]
[Black "kenneth m day"]
[Result "0-1"]
[WhiteCountry "CZE"]
[BlackCountry "USA"]
[WhiteElo "1688"]
[WhiteRD "52"]
[BlackElo "1691"]
[BlackRD "48"]
[GameID "371902"]

1. Nf3 d5 2. d4 Nf6 3. c4 e6 4. g3 c5 5. cxd5 exd5 6. Bg2 Nc6 7. O-O Bg4 8. Ne5 Bf5 9. Nxc6 bxc6 10. Nc3 Be7
11. dxc5 Bxc5 12. Qa4 Qd7 13. Bf4 O-O 14. Bg5 Qe6 15. Rfe1 h6 16. Bd2 Bh3 17. e3 Rab8 18. Qc2 Bf5 19. e4 dxe4 20. Nxe4 Bb6
21. Nxf6+ Qxf6 22. Qxc6 Qxb2 23. Be3 Rfc8 24. Qf3 Be6 25. a3 Bxe3 26. Qxe3 Rc7 27. Rab1 Qxb1 28. Rxb1 Rxb1+ 29. Bf1 Rcc1 30. Qxa7 Rxf1+
31. Kg2 Bg4 32. f4 Rfe1 33. Qa8+ Kh7
0-1

[Event "Christmas Cracker!"]
[Site "SchemingMind.com"]
[Date "2014.12.28"]
[Round "-"]
[White "kenneth m day"]
[Black "Clive Everill"]
[Result "0-1"]
[WhiteCountry "USA"]
[BlackCountry "CZE"]
[WhiteElo "1691"]
[WhiteRD "48"]
[BlackElo "1688"]
[BlackRD "52"]
[GameID "371903"]

1. e4 c6 2. c4 d6 3. d4 Nd7 4. Nf3 e5 5. Be3 Ngf6 6. Nc3 Be7 7. dxe5 dxe5 8. Be2 O-O 9. O-O h6 10. Rc1 Bb4
11. Qc2 Qc7 12. a3 Bxc3 13. Qxc3 Nxe4 14. Qd3 f5 15. Rfd1 b6 16. b4 Rd8 17. Qb3 Kh7 18. Qc2 Bb7 19. Nh4 g6 20. f3 Nef6
21. g4 Rg8 22. Kf2 fxg4 23. fxg4 c5 24. Qd2 g5 25. Nf5 Rad8 26. h3 Ne4+
0-1

[Event "Christmas Cracker!"]
[Site "SchemingMind.com"]
[Date "2014.12.27"]
[Round "-"]
[White "kenneth m day"]
[Black "xarxziux"]
[Result "0-1"]
[WhiteCountry "USA"]
[BlackCountry "IRL"]
[WhiteElo "1691"]
[WhiteRD "48"]
[BlackElo "1907"]
[BlackRD "71"]
[GameID "371904"]

1. e4 d6 2. d4 Nf6 3. Nc3 e5 4. dxe5 dxe5 5. Qxd8+ Kxd8 6. Bg5 Be6 7. O-O-O+ Nd7 8. Nf3 Kc8 9. Bb5 c6 10. Ba4 Bb4
11. a3 Bxc3 12. bxc3 Nxe4 13. Rd3 Nxf2 14. Rxd7 Bxd7 15. Rf1 Ne4 16. Kb2 Nxg5 17. Nxg5 f6 18. Nf7 Rf8 19. Nd6+ Kc7 20. Ne4 Be6
21. Nc5 Bd5 22. Rf2 e4 23. Rd2 Rad8 24. Bb3 Bxb3 25. Rxd8 Rxd8 26. Kxb3 e3 27. Ne6+ Kc8 28. Nf4 Rd2 29. c4 e2
0-1

[Event "Christmas Cracker!"]
[Site "SchemingMind.com"]
[Date "2014.12.27"]
[Round "-"]
[White "xarxziux"]
[Black "kenneth m day"]
[Result "1-0"]
[WhiteCountry "IRL"]
[BlackCountry "USA"]
[WhiteElo "1911"]
[WhiteRD "75"]
[BlackElo "1698"]
[BlackRD "51"]
[GameID "371905"]

1. Nf3 Nf6 2. d4 d5 3. c4 c6 4. Nc3 dxc4 5. a4 Bf5 6. Ne5 Nbd7 7. Nxc4 e6 8. f3 Bb4 9. e4 Bg6 10. Bg5 O-O
11. e5 Nxe5 12. dxe5 Qxd1+ 13. Rxd1 Nd5 14. Rc1 h6 15. Bd2 Rad8 16. Nxd5 Bxd2+ 17. Nxd2 Rxd5 18. f4 Rfd8 19. Nf3 Be4 20. Be2 Bxf3
21. Bxf3 Rd4 22. b3 Rxf4 23. Kf2 Rd3 24. Rb1 g5 25. h3 Rf5 26. Rhe1 Rd2+ 27. Kg1 Rc2 28. b4 Rf4 29. a5 Rcc4 30. b5 Rc5
31. a6 b6 32. bxc6 Ra4 33. Rec1 Rxa6 34. Rxc5 bxc5 35. c7
1-0

[Event "Christmas Cracker!"]
[Site "SchemingMind.com"]
[Date "2014.12.27"]
[Round "-"]
[White "roscoe"]
[Black "Simon Green"]
[Result "0-1"]
[WhiteCountry "USA"]
[BlackCountry "ENG"]
[WhiteElo "1276"]
[WhiteRD "88"]
[BlackElo "1615"]
[BlackRD "55"]
[GameID "371910"]

1. Nf3 e6 2. d4 d5 3. a3 c5 4. c4 Nc6 5. cxd5 exd5 6. e3 Nf6 7. Bb5 Bd7 8. O-O c4 9. Bd2 Bd6 10. g3 O-O
11. Nc3 a6 12. Bxc6 Bxc6 13. Re1 Bd7 14. h3 Bxh3 15. e4 dxe4 16. Ng5 Bf5 17. Ncxe4 Nxe4 18. Nxe4 Bxe4 19. Rxe4 Qb6 20. Bb4 Bxb4
21. axb4 Qxb4 22. Ra4 Qxb2 23. Rxc4 g6 24. d5 b5 25. Rb4 Qf6 26. d6 Rad8 27. d7 Qf5 28. Re8 Rdxe8
0-1

[Event "Christmas Cracker!"]
[Site "SchemingMind.com"]
[Date "2014.12.29"]
[Round "-"]
[White "Simon Green"]
[Black "roscoe"]
[Result "1/2-1/2"]
[WhiteCountry "ENG"]
[BlackCountry "USA"]
[WhiteElo "1640"]
[WhiteRD "53"]
[BlackElo "1281"]
[BlackRD "90"]
[GameID "371911"]

1. d4 d5 2. e3 Nf6 3. Bd3 g6 4. f4 Bg7 5. Nf3 O-O 6. O-O Nc6 7. c3 a6 8. Nbd2 Re8 9. Qe1 Ne4 10. Nxe4 dxe4
11. Bxe4 e6 12. Bxc6 bxc6 13. Ne5 Bxe5 14. fxe5 a5 15. e4 Ba6 16. Rf3 Qe7 17. b3 c5 18. Be3 Kg7 19. Rf6 cxd4 20. cxd4 Bd3
21. Bh6+ Kxh6 22. Qe3+ Kg7 23. Qxd3 Qa3 24. Qc2 Rac8 25. Raf1 c5 26. Rd1 cxd4 27. Qf2 Re7 28. h3 Rc1 29. Qxd4 Rxd1+ 30. Qxd1 Qxa2
31. Qf3 a4 32. bxa4 Qxa4 33. Qe2 Qd4+ 34. Rf2 Qxe5 35. Qb2 f6 36. Qxe5 fxe5 37. g4 Rf7 38. Rxf7+ Kxf7=
1/2-1/2

[Event "Christmas Cracker!"]
[Site "SchemingMind.com"]
[Date "2014.12.28"]
[Round "-"]
[White "Clive Everill"]
[Black "Simon Green"]
[Result "1-0"]
[WhiteCountry "CZE"]
[BlackCountry "ENG"]
[WhiteElo "1688"]
[WhiteRD "52"]
[BlackElo "1636"]
[BlackRD "55"]
[GameID "371912"]

1. e4 e6 2. d4 d5 3. Nd2 Nf6 4. e5 Nfd7 5. c3 c5 6. Bd3 c4 7. Bc2 b5 8. a3 Be7 9. f4 O-O 10. Ngf3 f5
11. O-O Nc6 12. Re1 a5 13. Nf1 Bb7 14. Ng3 g6 15. Be3 a4 16. h3 Na5 17. Rf1 Nb3 18. Ng5 Bxg5 19. fxg5 Nxa1 20. Qxa1 Nb8
21. h4 Nc6 22. Qd1 Ne7 23. h5 Kf7 24. h6 Kg8 25. Ne2 Qd7 26. Nf4 Nc6 27. g4 Qe7 28. gxf5 gxf5 29. Qh5 Rf7 30. Rf2 Kh8
31. g6
1-0

[Event "Christmas Cracker!"]
[Site "SchemingMind.com"]
[Date "2014.12.28"]
[Round "-"]
[White "Simon Green"]
[Black "Clive Everill"]
[Result "0-1"]
[WhiteCountry "ENG"]
[BlackCountry "CZE"]
[WhiteElo "1636"]
[WhiteRD "55"]
[BlackElo "1688"]
[BlackRD "52"]
[GameID "371913"]

1. d4 d5 2. e3 Nf6 3. Bd3 c5 4. c3 Nc6 5. f4 Bg4 6. Nf3 e6 7. Nbd2 Bd6 8. O-O O-O 9. Qe1 c4 10. Bc2 a5
11. Ne5 Bh5 12. Ndf3 Bg6 13. Nxg6 fxg6 14. Ne5 Ne7 15. b3 b5 16. Bd2 Rc8 17. a3 Ne8 18. Qh4 Qc7 19. b4 a4 20. Qg4 Nf5
21. Bxf5 gxf5 22. Qg3 Nf6 23. Qf2 Ne4 24. Qe2 Rf6 25. g3 Rh6 26. Kg2 Bxe5 27. fxe5 Qf7 28. Rh1 Nxd2 29. Qxd2 Qh5 30. Kg1 Rf8
31. Rf1 g5 32. Qg2 Qg6 33. Qd2 Rf7 34. Kf2 Kh8 35. Ke1 f4 36. exf4 gxf4 37. Rxf4 Rxf4 38. gxf4 Qb1+ 39. Qd1 Qe4+ 40. Qe2 Qxh1+
0-1

[Event "Christmas Cracker!"]
[Site "SchemingMind.com"]
[Date "2014.12.27"]
[Round "-"]
[White "kenneth m day"]
[Black "Simon Green"]
[Result "1-0"]
[WhiteCountry "USA"]
[BlackCountry "ENG"]
[WhiteElo "1691"]
[WhiteRD "48"]
[BlackElo "1636"]
[BlackRD "55"]
[GameID "371914"]

1. e4 e6 2. d4 d5 3. Nc3 Nf6 4. e5 Nfd7 5. Qg4 c5 6. Be3 c4 7. O-O-O f5 8. Qh5+ g6 9. Qh3 Nc6 10. Nf3 a6
11. Ng5 Qe7 12. g4 h5 13. gxf5 exf5 14. Rg1 Bh6 15. f4 Nf8 16. Nxd5 Qd8 17. Bxc4 Bg7 18. Rge1 Ne6 19. Nc3 Nxg5 20. fxg5 Qe7
21. Nd5 Qd7 22. Nb6 Qe7 23. Nxa8 b5 24. Bd5
1-0

[Event "Christmas Cracker!"]
[Site "SchemingMind.com"]
[Date "2014.12.27"]
[Round "-"]
[White "Simon Green"]
[Black "kenneth m day"]
[Result "0-1"]
[WhiteCountry "ENG"]
[BlackCountry "USA"]
[WhiteElo "1636"]
[WhiteRD "55"]
[BlackElo "1691"]
[BlackRD "48"]
[GameID "371915"]

1. d4 Nf6 2. e3 e6 3. Bd3 c5 4. c3 Nc6 5. f4 d5 6. Nf3 cxd4 7. exd4 Bd6 8. O-O O-O 9. Ne5 Ne4 10. Bxe4 dxe4
11. Qe1 f5 12. Be3 Be7 13. Nd2 g5 14. Qg3 h6 15. Ng6 Rf7 16. Ne5 Nxe5 17. dxe5 Rg7 18. Qf2 gxf4 19. Bxf4 Bh4 20. g3 Be7
21. Bxh6 Rg6 22. Be3 Bg5 23. Rae1 Qe7 24. Bxg5 Qxg5 25. Qf4 Qh5 26. Re3 Rg4 27. Qf2 Bd7 28. Kg2 Kf7 29. h3 Rh8 30. Rh1 Rgg8
31. h4 Ke7 32. Nc4 Bc6 33. Qe2 Qg6 34. Qd2 Rd8 35. Nd6 f4 36. Rxe4 Bxe4+
0-1

[Event "Christmas Cracker!"]
[Site "SchemingMind.com"]
[Date "2014.12.27"]
[Round "-"]
[White "Simon Green"]
[Black "xarxziux"]
[Result "0-1"]
[WhiteCountry "ENG"]
[BlackCountry "IRL"]
[WhiteElo "1636"]
[WhiteRD "55"]
[BlackElo "1907"]
[BlackRD "71"]
[GameID "371916"]

1. d4 d6 2. e3 Nf6 3. Bd3 g6 4. f4 Bg7 5. Nf3 O-O 6. O-O Nbd7 7. Nbd2 e5 8. fxe5 dxe5 9. dxe5 Ng4 10. Qe1 Ndxe5
11. Qg3 Nxd3 12. Nc4 Nxc1 13. Raxc1 b5 14. Nce5 Nxe3 15. Rfe1 Nf5 16. Qf4 Bb7 17. Rcd1 Qc8 18. g4 Nd6 19. Kf2 f5 20. g5 Ne4+
21. Kg2 Qe6 22. Nd7 Rfd8 23. Qxc7 Qc6 24. Nf6+ Bxf6 25. Qxc6 Bxc6 26. Rxd8+ Bxd8 27. h4 Nd2
0-1

[Event "Christmas Cracker!"]
[Site "SchemingMind.com"]
[Date "2014.12.28"]
[Round "-"]
[White "xarxziux"]
[Black "Simon Green"]
[Result "1/2-1/2"]
[WhiteCountry "IRL"]
[BlackCountry "ENG"]
[WhiteElo "1907"]
[WhiteRD "71"]
[BlackElo "1636"]
[BlackRD "55"]
[GameID "371917"]

1. Nf3 e6 2. d4 d5 3. c4 Nf6 4. Nc3 Be7 5. Bf4 Nc6 6. e3 O-O 7. Rc1 Nb4 8. a3 Na6 9. Ne5 Bd6 10. Nb5 Bxe5
11. Bxe5 dxc4 12. Bxc4 c6 13. Nd6 b5 14. Bd3 Qa5+ 15. Kf1 Nd7 16. Rxc6 Nxe5 17. dxe5 Bd7 18. Rc3 b4 19. Rc4 bxa3 20. Bxh7+ Kxh7
21. Rh4+ Kg8 22. Qh5 Bb5+ 23. Nxb5 Qxb5+ 24. Kg1 f6 25. Qh7+ Kf7 26. Qh5+ Kg8 27. Qh7+ Kf7 28. Qh5+ Kg8 29. Qh7+
1/2-1/2

[Event "Christmas Cracker!"]
[Site "SchemingMind.com"]
[Date "2014.12.30"]
[Round "-"]
[White "roscoe"]
[Black "bobbassbone"]
[Result "0-1"]
[WhiteCountry "USA"]
[BlackCountry "ENG"]
[WhiteElo "1276"]
[WhiteRD "88"]
[BlackElo "1566"]
[BlackRD "60"]
[GameID "371952"]

1. Nf3 d5 2. d4 c6 3. g3 Nf6 4. Bg2 Bg4 5. O-O Bxf3 6. exf3 e6 7. Re1 Nbd7 8. Nd2 c5 9. dxc5 Bxc5 10. Nb3 Bb6
11. Be3 Bc7 12. Nc5 Qc8 13. b4 Bd6 14. a3 O-O 15. h4 Bxc5 16. bxc5 Nxc5 17. Bxc5 Qxc5 18. f4 Nh5 19. Bf3 Nxg3 20. Kg2 Nf5
21. a4 Nxh4+ 22. Kg1 Nxf3+
0-1

[Event "Christmas Cracker!"]
[Site "SchemingMind.com"]
[Date "2014.12.29"]
[Round "-"]
[White "bobbassbone"]
[Black "roscoe"]
[Result "1-0"]
[WhiteCountry "ENG"]
[BlackCountry "USA"]
[WhiteElo "1598"]
[WhiteRD "64"]
[BlackElo "1281"]
[BlackRD "90"]
[GameID "371953"]

1. d4 d5 2. Bf4 Nc6 3. e3 Nf6 4. c3 g6 5. Nd2 Bg7 6. Be2 O-O 7. Ngf3 a6 8. h4 Nh5 9. Bh2 Re8 10. Qc2 b5
11. a3 e5 12. dxe5 Nxe5 13. Nxe5 Bxe5 14. Bxh5 gxh5 15. Bxe5 Rxe5 16. Nf3 Re8 17. Ng5 Qf6 18. Qxh7+ Kf8 19. Qxh5 Ke7 20. Qf3 Qxf3
21. Nxf3 c5 22. O-O-O Bb7 23. g4 Rad8 24. Ne5 d4 25. Rh2 dxc3 26. Rxd8 Rxd8 27. bxc3 b4 28. f4 bxc3 29. h5 f6 30. Nc4 Kf7
31. h6 Kg8 32. Kc2 Rd2+ 33. Nxd2 cxd2 34. Rxd2 Be4+ 35. Kc3
1-0

[Event "Christmas Cracker!"]
[Site "SchemingMind.com"]
[Date "2014.12.28"]
[Round "-"]
[White "Clive Everill"]
[Black "bobbassbone"]
[Result "1-0"]
[WhiteCountry "CZE"]
[BlackCountry "ENG"]
[WhiteElo "1688"]
[WhiteRD "52"]
[BlackElo "1534"]
[BlackRD "56"]
[GameID "371954"]

1. e4 c6 2. d4 d5 3. Nd2 dxe4 4. Nxe4 Bf5 5. Nc5 Qc7 6. Bd3 Bxd3 7. Nxd3 e6 8. Bf4 Bd6 9. Qg4 g6 10. Nf3 Nf6
11. Qh4 Nbd7 12. Bh6 O-O-O 13. Bg7 Rhe8 14. Bxf6 Nxf6 15. Qxf6 Qa5+ 16. c3 Qb5 17. O-O-O Qc4 18. Kb1 Qb5 19. Qxf7 Re7 20. Qf6 a5
21. Rhe1 Rde8 22. Nfe5 Ba3 23. c4 Qb6 24. c5 Qb5 25. Nf7 Kb8 26. Nd6
1-0

[Event "Christmas Cracker!"]
[Site "SchemingMind.com"]
[Date "2014.12.28"]
[Round "-"]
[White "bobbassbone"]
[Black "Clive Everill"]
[Result "1/2-1/2"]
[WhiteCountry "ENG"]
[BlackCountry "CZE"]
[WhiteElo "1534"]
[WhiteRD "56"]
[BlackElo "1688"]
[BlackRD "52"]
[GameID "371955"]

1. d4 f5 2. Bf4 Nf6 3. e3 g6 4. c3 Nd5 5. Bg3 Bg7 6. Bc4 Nb6 7. Bb3 a5 8. a3 a4 9. Ba2 d5 10. Nf3 O-O
11. Nbd2 N8d7 12. O-O c5 13. Re1 c4 14. Ng5 Rf6 15. e4 fxe4 16. f3 exf3 17. Ndxf3 Nf8 18. Bb1 Ne6 19. Be5 Nxg5 20. Nxg5 Rf8
21. Bxg7 Kxg7 22. Re3 h6 23. Nh3 Bxh3 24. Rxh3 Rf6 25. Rg3 Qd6 26. Bc2 Raf8 27. Qg4 g5 28. h4 Rf4 29. Qh5 Rxh4 30. Qxh4 Nd7
31. Bxa4 Nf6 32. Bc2 Ne4 33. Bxe4 dxe4 34. Qxe4 Qxg3 35. Qxe7+ Rf7 36. Qe2 b5 37. Re1 Rf4 38. Qe5+ Kg6 39. Qe8+ Rf7 40. Re7 Qf2+
41. Kh1 Qf1+ 42. Kh2 Qf4+ 43. g3 Qf2+ 44. Kh3 Qf1+=
1/2-1/2

[Event "Christmas Cracker!"]
[Site "SchemingMind.com"]
[Date "2014.12.28"]
[Round "-"]
[White "kenneth m day"]
[Black "bobbassbone"]
[Result "1-0"]
[WhiteCountry "USA"]
[BlackCountry "ENG"]
[WhiteElo "1691"]
[WhiteRD "48"]
[BlackElo "1534"]
[BlackRD "56"]
[GameID "371956"]

1. e4 c6 2. c4 d5 3. cxd5 cxd5 4. exd5 Qxd5 5. d4 Nf6 6. Nc3 Qd8 7. Bc4 e6 8. Nf3 Bb4 9. O-O Bxc3 10. bxc3 Nc6
11. Bg5 h6 12. Bh4 a6 13. Re1 Na5 14. Bd3 g5 15. Bg3 Bd7 16. Ne5 Nc6 17. Nc4 O-O 18. Bd6 Re8 19. Qf3 g4 20. Qe3 h5
21. Qh6 Ne7 22. Be5
1-0

[Event "Christmas Cracker!"]
[Site "SchemingMind.com"]
[Date "2014.12.28"]
[Round "-"]
[White "bobbassbone"]
[Black "kenneth m day"]
[Result "0-1"]
[WhiteCountry "ENG"]
[BlackCountry "USA"]
[WhiteElo "1534"]
[WhiteRD "56"]
[BlackElo "1691"]
[BlackRD "48"]
[GameID "371957"]

1. d4 d5 2. Bf4 Nf6 3. e3 c5 4. c3 Nc6 5. Bd3 e6 6. Nd2 cxd4 7. exd4 Bd6 8. Bg3 O-O 9. Ngf3 Re8 10. Bxd6 Qxd6
11. O-O Nd7 12. Re1 f6 13. Qc2 Nf8 14. Re3 Ng6 15. Bxg6 hxg6 16. Qxg6 Bd7 17. Nh4 Ne7 18. Rg3 Nxg6
0-1

[Event "Christmas Cracker!"]
[Site "SchemingMind.com"]
[Date "2014.12.28"]
[Round "-"]
[White "Simon Green"]
[Black "bobbassbone"]
[Result "1-0"]
[WhiteCountry "ENG"]
[BlackCountry "ENG"]
[WhiteElo "1649"]
[WhiteRD "54"]
[BlackElo "1566"]
[BlackRD "55"]
[GameID "371958"]

1. d4 c6 2. e3 d5 3. Bd3 Nf6 4. f4 Bg4 5. Nf3 e6 6. O-O Nbd7 7. Nbd2 Bd6 8. Qe1 Bxf3 9. Nxf3 c5 10. c3 cxd4
11. exd4 Qc7 12. Qg3 g6 13. Ne5 Nh5 14. Qf3 O-O-O 15. Nxf7 Ng7 16. Nxh8 Rxh8 17. Qg4 Nf5 18. Qe2 Nf6 19. Qxe6+ Nd7 20. Bxf5 gxf5
21. Qxd5 Rf8 22. Bd2 Nb6 23. Qe6+ Kb8 24. Rae1 a6 25. Qh6 Nd5 26. g3 Rg8 27. Re6 Bf8 28. Re8+
1-0

[Event "Christmas Cracker!"]
[Site "SchemingMind.com"]
[Date "2014.12.28"]
[Round "-"]
[White "bobbassbone"]
[Black "Simon Green"]
[Result "0-1"]
[WhiteCountry "ENG"]
[BlackCountry "ENG"]
[WhiteElo "1534"]
[WhiteRD "56"]
[BlackElo "1636"]
[BlackRD "55"]
[GameID "371959"]

1. d4 e6 2. Bf4 d5 3. e3 c5 4. c3 c4 5. Nf3 Nc6 6. Nbd2 b5 7. a3 a5 8. Be2 Be7 9. Ne5 Nxe5 10. Bxe5 Nf6
11. Nf3 O-O 12. Qc2 Ne4 13. Nd2 Nxd2 14. Kxd2 f6 15. Bg3 Bd6 16. Bf3 Bxg3 17. hxg3 f5 18. g4 Qg5 19. Rh5 Qd8 20. Rah1 h6
21. g5 Bd7 22. gxh6 g6 23. h7+ Kh8 24. Rh6 Qf6 25. Qd1 Bc6 26. Bh5 Be8 27. Qf3 Ra7 28. g4 Rxh7 29. g5 Qxg5 30. Bg4 Rxh6
0-1

[Event "Christmas Cracker!"]
[Site "SchemingMind.com"]
[Date "2014.12.28"]
[Round "-"]
[White "bobbassbone"]
[Black "xarxziux"]
[Result "0-1"]
[WhiteCountry "ENG"]
[BlackCountry "IRL"]
[WhiteElo "1534"]
[WhiteRD "56"]
[BlackElo "1907"]
[BlackRD "71"]
[GameID "371960"]

1. d4 d6 2. Bf4 Nf6 3. e3 g6 4. c3 Bg7 5. Nd2 O-O 6. Ngf3 Nbd7 7. Be2 Nh5 8. Bg3 Nxg3 9. hxg3 e5 10. dxe5 Nxe5
11. Nxe5 Bxe5 12. Nf3 Bg7 13. Qc2 c6 14. Rd1 Qc7 15. Ng5 h6 16. Nf3 d5 17. Rd4 Bxd4 18. exd4 Kg7 19. O-O Bf5 20. Qd2 Rae8
21. Re1 Re7 22. Nh4 Bc8 23. Bd3 Rfe8 24. Rxe7 Qxe7 25. Kf1 b6 26. Nf3 a5 27. Ne5 Qf6 28. a3 Bf5 29. Bxf5 Qxf5 30. Kg1 h5
31. Nxc6 Qb1+ 32. Kh2 Re1 33. g4 Rh1+ 34. Kg3 h4+ 35. Kf3 Qe4#
0-1

[Event "Christmas Cracker!"]
[Site "SchemingMind.com"]
[Date "2014.12.28"]
[Round "-"]
[White "xarxziux"]
[Black "bobbassbone"]
[Result "1-0"]
[WhiteCountry "IRL"]
[BlackCountry "ENG"]
[WhiteElo "1907"]
[WhiteRD "71"]
[BlackElo "1534"]
[BlackRD "56"]
[GameID "371961"]

1. Nf3 c6 2. d4 d5 3. c4 Nf6 4. Nc3 dxc4 5. a4 Bf5 6. Ne5 Nbd7 7. Nxc4 e6 8. f3 Bb4 9. e4 Bxc3+ 10. bxc3 Bg6
11. Ba3 Qc7 12. Nd6+ Kd8 13. Rb1 Rb8 14. Bd3 Ne8 15. e5 b6 16. Bxg6 hxg6 17. Nxf7+
1-0

[Event "Christmas Cracker!"]
[Site "SchemingMind.com"]
[Date "2014.12.29"]
[Round "-"]
[White "roscoe"]
[Black "Eric111"]
[Result "1/2-1/2"]
[WhiteCountry "USA"]
[BlackCountry "USA"]
[WhiteElo "1276"]
[WhiteRD "88"]
[BlackElo "1506"]
[BlackRD "51"]
[GameID "372026"]

1. Nf3 d5 2. d4 Nf6 3. g3 b6 4. Bg2 Bb7 5. O-O e6 6. Nbd2 c5 7. c4 dxc4 8. Nxc4 Nc6 9. Nfe5 Rc8 10. Nxc6 Bxc6
11. dxc5 Bxg2 12. Kxg2 Bxc5 13. Qxd8+ Rxd8 14. Be3 Bxe3 15. Nxe3 O-O 16. Rad1 h6 17. Rxd8 Rxd8 18. Rd1 Rxd1 19. Nxd1=
1/2-1/2

[Event "Christmas Cracker!"]
[Site "SchemingMind.com"]
[Date "2014.12.29"]
[Round "-"]
[White "Eric111"]
[Black "roscoe"]
[Result "1-0"]
[WhiteCountry "USA"]
[BlackCountry "USA"]
[WhiteElo "1506"]
[WhiteRD "51"]
[BlackElo "1276"]
[BlackRD "88"]
[GameID "372027"]

1. e4 e5 2. Nf3 d6 3. Be2 Nf6 4. Nc3 g6 5. d4 exd4 6. Nxd4 Bg7 7. Bd2 O-O 8. Nf3 Re8 9. Bd3 a6 10. O-O b5
11. b4 c5 12. bxc5 dxc5 13. Rb1 c4 14. Be2 Nxe4 15. Nxe4 Rxe4 16. Re1 Bb7 17. Bg5 Qxd1 18. Rbxd1 Bc3 19. Bh6 Bxe1 20. Rd8+
1-0

[Event "Christmas Cracker!"]
[Site "SchemingMind.com"]
[Date "2015.01.01"]
[Round "-"]
[White "Eric111"]
[Black "Clive Everill"]
[Result "0-1"]
[WhiteCountry "USA"]
[BlackCountry "CZE"]
[WhiteElo "1499"]
[WhiteRD "50"]
[BlackElo "1688"]
[BlackRD "52"]
[GameID "372028"]

1. e4 e5 2. Nf3 Nc6 3. a3 Nf6 4. Nc3 Bc5 5. h3 O-O 6. Be2 d5 7. d3 h6 8. O-O Re8 9. b4 Be7 10. exd5 Nxd5
11. Ne4 f5 12. Ned2 Nc3 13. Qe1 Nxe2+ 14. Qxe2 b5 15. Bb2 Bf6 16. Rab1 Bb7 17. Rfe1 Qd7 18. Nb3 Nd4 19. Nbxd4 exd4 20. Qd2 Bxf3
21. gxf3 Qd5 22. Qf4 Be5 23. Qh4 Qxf3 24. Bc1 Re6 25. Rxe5 Rxe5 26. Bxh6 gxh6 27. Qxh6 Rae8 28. Qg6+ Kf8 29. Qh6+ Ke7 30. Qg7+ Kd8
31. Qg5+ Kc8 32. Qh6 Rg8+
0-1